00573nam a22002057a 450000500170000001000320001702000260004903500170007503500140009203500130010603700130011908200130013210000160014524500650016126000340022627000430026030000260030350000190032970000190034820170509111735.0 a1617EN ENG-117018  a9788131529607c550.00 aB-653854-861 aEN-100550 aB-665135 bABCaDPL a658.0072 aDangi, H.K. aBusiness research methods /cby H.K.Dangi [and] Shruti Dewen aDelhibCengage Learningc2016 a418, F.I.E., PatparganjbDelhie110092 axx, 379p.:c25cm(pbk) aIncludes index aDewen, Shruti